<?xml version="1.0" encoding="UTF-8"?>
<collection xmlns="http://www.loc.gov/MARC21/slim">
 <record>
  <leader>00848pamaa2200205   4500</leader>
  <controlfield tag="001">0000052866</controlfield>
  <controlfield tag="005">20140819090000.0</controlfield>
  <controlfield tag="008">140819s2013                        eng  </controlfield>
  <datafield tag="020" ind1="0" ind2="0">
   <subfield code="a">9780124114548 (electronic bk) </subfield>
  </datafield>
  <datafield tag="090" ind1="0" ind2="0">
   <subfield code="a">QA76.585 </subfield>
   <subfield code="b">BUY 2013eb</subfield>
  </datafield>
  <datafield tag="100" ind1="1" ind2="0">
   <subfield code="a">Buyya </subfield>
  </datafield>
  <datafield tag="245" ind1="1" ind2="0">
   <subfield code="a">Mastering cloud computing [</subfield>
   <subfield code="m">electronic resource] : </subfield>
   <subfield code="b">foundations and applications programming  </subfield>
   <subfield code="c">Rajkumar Buyya, Christian Vecchiola, and S. Thamarai Selvi.</subfield>
  </datafield>
  <datafield tag="260" ind1="0" ind2="0">
   <subfield code="a">Waltham, MA: </subfield>
   <subfield code="b">Butterworth-Heinemann, </subfield>
   <subfield code="c">2013.</subfield>
  </datafield>
  <datafield tag="300" ind1=" " ind2=" ">
   <subfield code="a">1 online resource (xvi, 452 p): </subfield>
   <subfield code="b">ill..</subfield>
  </datafield>
  <datafield tag="504" ind1="0" ind2="0">
   <subfield code="a">Includes bibliographical references and index</subfield>
  </datafield>
  <datafield tag="650" ind1="0" ind2="0">
   <subfield code="a">Cloud computing </subfield>
  </datafield>
  <datafield tag="700" ind1="1" ind2="1">
   <subfield code="a">Vecchiola, </subfield>
   <subfield code="h">Christian </subfield>
  </datafield>
  <datafield tag="700" ind1="1" ind2="1">
   <subfield code="a">Selvi, </subfield>
   <subfield code="h">S. Thamarai </subfield>
  </datafield>
  <datafield tag="856" ind1="4" ind2="0">
   <subfield code="u">http://www.sciencedirect.com/science/book/9780124114548</subfield>
  </datafield>
  <datafield tag="901" ind1=" " ind2=" ">
   <subfield code="u">http://www.sciencedirect.com/science/book/9780124114548</subfield>
  </datafield>
 </record>
</collection>
